Forget About Us - Perrie Edwards (All Lyrics) - Statistics

General Stats
  • This quiz has been taken 24 times
  • The average score is 406 of 442
Answer Stats
Answer % Correct
about
100%
Do
100%
don't
100%
ever
100%
feel
100%
fell
100%
for
100%
forget
100%
Forget
100%
found
100%
hear
100%
heard
100%
I
100%
i
100%
in
100%
know
100%
love
100%
me
100%
new
100%
so
100%
somebody
100%
someone
100%
that
100%
to
100%
too
100%
us
100%
want
100%
we
100%
when
100%
with
100%
you
100%
back
90%
But
90%
but
90%
flat
90%
From
90%
from
90%
front
90%
gave
90%
go
90%
hoodie
90%
it
90%
I've
90%
just
90%
Like
90%
like
90%
Listenin
90%
made
90%
more
90%
name
90%
never
90%
no
90%
No
90%
on
90%
remember
90%
same
90%
seat
90%
songs
90%
stole
90%
the
90%
then
90%
think
90%
those
90%
wanna
90%
way
90%
were
90%
we're
90%
where
90%
yeah
90%
Yeah
90%
your
90%
and
80%
And
80%
blew
80%
bonfire
80%
Bonfire
80%
every
80%
everything
80%
froze
80%
Heaven
80%
Hell
80%
Here's
80%
I'm
80%
it's
80%
of
80%
one
80%
smoke
80%
truth
80%
was
80%
before
70%
both
70%
buried
70%
different
70%
feels
70%
felt
70%
glance
70%
had
70%
let's
70%
Let's
70%
life
70%
movin
70%
nothin
70%
proud
70%
raw
70%
since
70%
sure
70%
up
70%
well
70%
still
60%
leave
50%
perfect
50%
Saw
50%
listening
40%
No matching quizzes found
Score Distribution
Percent of People with Each Score
Percentile by Number Answered
Your Score History
You have not taken this quiz